Подробности
| 000 -МАРКЕР |
| контрольное поле |
01450nam2a22002771 4500 |
| 001 - ИДЕНТИФИКАТОР ЗАПИСИ |
| контрольное поле |
rc\3929075 |
| 005 - ИДЕНТИФИКАТОР ВЕРСИИ |
| контрольное поле |
20250611025059.0 |
| 021 ## - НОМЕР ГОСУДАРСТВЕННОЙ РЕГИСТРАЦИИ |
| Код страны |
Российская Федерация |
| Номер |
[52-3644] |
| 035 ## - ДРУГИЕ СИСТЕМНЫЕ НОМЕРА |
| Идентификатор записи |
(NLR Aleph) 008031032 |
| 100 ## - ДАННЫЕ ОБЩЕЙ ОБРАБОТКИ |
| Данные общей обработки |
20130415d1951 |||y0rusy50 ca |
| 101 1# - ЯЗЫК РЕСУРСА |
| Язык текста, звукозаписи и т.д. |
русский |
| Язык оригинала |
испанский, кастильский испанский |
| 102 ## - СТРАНА ПУБЛИКАЦИИ ИЛИ ПРОИЗВОДСТВА |
| Страна публикации |
Российская Федерация |
| 105 ## - ПОЛЕ КОДИРОВАННЫХ ДАННЫХ: ТЕКСТОВЫЕ МАТЕРИАЛЫ, МОНОГРАФИЧЕСКИЕ |
| Кодированные данные о монографическом текстовом документе |
b z ||||| |
| 200 0# - ЗАГЛАВИЕ И СВЕДЕНИЯ ОБ ОТВЕТСТВЕННОСТИ |
| Основное заглавие |
[Т.] 2 |
| Первые сведения об ответственности |
Сокр. пер. с исп. Е.Н. Глушицкой [и др.] |
| Последующие сведения об ответственности |
Под ред. и с предисл. З.В. Мосиной |
| 210 ## - ПУБЛИКАЦИЯ, РАСПРОСТРАНЕНИЕ И ДР. |
| Место издания, распространения и т.д. |
Москва |
| Имя издателя, распространителя и т. д. |
Изд-во иностр. лит. |
| Дата издания, распространения и т.д. |
1951 |
| 215 ## - ФИЗИЧЕСКАЯ ХАРАКТЕРИСТИКА |
| Специфическое обозначение материала и объем |
360 с., 5 л. карт |
| Другие сведения о физической характеристике |
карт. |
| 320 ## - ПРИМЕЧАНИЯ О НАЛИЧИИ В ДОКУМЕНТЕ БИБЛИОГРАФИИ / УКАЗАТЕЛЯ |
| Текст примечания |
Библиогр.: с. 272-329 |
| 461 #0 - УРОВЕНЬ НАБОРА |
| Встроенное поле |
001rc\3929073 |
| -- |
2001#$aИстория Испании$fСокр. пер. с исп. Е.А. Вадковской и О.М. Гармсен$gПод ред. С.Д. Сказкина и Я.М. Света$gПредисл. Я.М. Света [с. V-XX. Т.] 1-$v[Т.] 2 |
| -- |
700#1$aАльтамира-и-Кревеа$bР.$f1866-1951$gРафаэль |
| Системный номер (АБИС) связанной записи |
8821180 |
| Автор |
Альтамира-и-Кревеа, Р. (1866-1951) |
| Место публикации |
Москва |
| Дата публикации |
1951 |
| Первые сведения об ответственности |
Сокр. пер. с исп. Е.А. Вадковской и О.М. Гармсен |
| Имя издателя, распространителя и т.д. |
Изд-во иностр. лит. |
| Заглавие |
История Испании |
| Номер тома |
[Т.] 2 |
| 702 #1 - ИМЯ ЛИЦА - ВТОРИЧНАЯ ОТВЕТСТВЕННОСТЬ |
| Начальный элемент ввода |
Глушицкая |
| Часть имени, кроме начального элемента ввода |
Е.Н. |
| Код отношения |
Переводчик |
| 702 #1 - ИМЯ ЛИЦА - ВТОРИЧНАЯ ОТВЕТСТВЕННОСТЬ |
| Начальный элемент ввода |
Мосина |
| Часть имени, кроме начального элемента ввода |
З.В. |
| Код отношения |
Редактор |
| -- |
Автор введения, предисловия, примечания и т.п. |
| 801 #0 - ИСТОЧНИК ЗАПИСИ |
| Страна |
Российская Федерация |
| Организация |
NLR |
| Правила каталогизации |
psbo |
| 801 #1 - ИСТОЧНИК ЗАПИСИ |
| Страна |
Российская Федерация |
| Организация |
ELAR |
| Источник данных |
rusmarc |
| 852 ## - МЕСТОНАХОЖДЕНИЕ И ШИФР ХРАНЕНИЯ |
| Идентификатор организации |
NLR |
| Шифр хранения (Call Number) |
И62 Г-7/1 |
| 942 ## - ДОПОЛНИТЕЛЬНЫЕ ЭЛЕМЕНТЫ ЗАПИСИ (АБИС) |
| Тип экземпляра АБИС |
Книга |
| 980 ## - КОЛЛЕКЦИЯ |
| Название коллекции |
Национальная библиография |